000 00733nas a2200241 4500
001 BR9000821
003 BR-BrBNA
005 20231205091816.0
007 ta
008 230509b bl.|||p| |||| 00| 00por d
040 _aBR-BrBNA
_bpor
_cBiblioteca Nacional de Agricultura
041 _a(Pt)
072 _aL53
100 1 _aBenevides Filho, I.M.
100 1 _aPinheiro, L.E.L.
245 1 _aAnalise de estruturas nao fecundadas obtidas de vacas superovuladas
650 _aVACA
650 _aOVULACAO
650 _aFECUNDACAO ANIMAL
773 0 _tRevista Brasileira de Reproducao Animal (Brazil)
_xISSN 0102-0803
_g(1987), v. 11(4) p. 159-162
_wBR9000821
909 _a202311
_bLúcia
_c55
_dLúcia Elande
942 _2AGRIS
_n0
_cANA
999 _c127490
_d127490